000 01934nam0a2200325 i 4500
001 RU\NLR\BIBL_A\011263250
005 20240921214910.0
010 _a9785919700425
_9500
021 _aRU
_b2016-82293
_95375
035 _a(NLR Aleph) 011263250
090 _a12228546
_c12228546
100 _a20161108d2016 y0rusy50 ca
101 0 _arus
102 _aRU
105 _ay z 000zy
200 1 _aИнституционализация выборов в современной России: региональный аспект
_eизбранные статьи научного журнала "Социум и власть"
_fС. Г. Зырянов
_gФедер. гос. бюджет. образоват. учреждение высш. образования "Рос. акад. нар. хоз-ва и гос. службы при Президенте Рос. Федерации", Челяб. фил.
210 _aЧелябинск
_cредакционно-издательский отдел Челябинского филиала РАНХиГС
_d2016
215 _a331 с.
_d20
225 1 _aБиблиотечка журнала "Социум и власть"
300 _aНа обороте тит. л. авт.: Зырянов С. Г., д-р полит. наук, проф.
320 _aБиблиогр. в конце ст. и в подстроч. примеч.
606 1 _aВыборы
_jСборники
_yРегионы Российской Федерации
_92136851
_3RU\NLR\AUTH\661288408
606 1 _aВыборы
_jСборники
_yРоссийская Федерация
_92095296
_3RU\NLR\AUTH\661267805
686 1 _aФ3(2)68я44
700 1 _aЗырянов
_bС. Г.
_f1950-
_gСергей Григорьевич
942 _cBOOK
980 _aNBR